000 01172cam0 2200313 ib4500
001 BY-MI0010-br15891
010 ^a5-94563-075-6
^d6250 р.
100 ^a20150304d2006 u y0rusy50 ca
101 0 ^arus
102 ^aRU
109 ^ama
200 1 ^aСказка о царе Салтане
^eсказки, поэма
^fАлександр Сергеевич Пушкин
^gхудож. С.Бордюг
210 ^aМосква
^cСтрекоза-Пресс
^d2006
215 ^a191 с.
^cил.
225 1 ^aКлассика детям
608 ^aСКАЗКА
^3BY-NLB-ar30342
^2BYGNR
608 ^aПОЭМА (лит.)
^3BY-NLB-ar25016
^2BYGNR
686 ^a84(2Рос=Рус)1-5
^2rubbk
690 ^2Base
^9BY-HO0028
^a1
^xRSEK
690 ^a1
^9BY-HO0028
^2Vid
^xRSEK
700 1 ^aПушкин
^bА. С.
^gАлександр Сергеевич
^cписатель
^f1799-1837
^3BY-NLB-ar130495
^4070
702 1 ^aБордюг
^bС.
^3BY-SEK-125188
^4040
801 0 ^aBY
^bBY-MI0010
^c20150304
^gpsbo
801 2 ^aBY
^bBY-HO0028
^c20251017
035 ^a(BY-HO0028)BY-MI0010-br15891
899 0 ^aBY-HO0028
^iП 91